Študijný program školský rok...

Bibliographic Details
New Title:Ročenka
Corporate Author: Univerzita Komenského v Bratislave. Ústav jazykovej a odbornej prípravy zahraničných študentov
Format: Serial
Language:Slovak
English
PhysicalDescription:zv. fotogr., tab. 21 cm
Published: Bratislava Univerzita Komenského
ISBN:8022317675
8022318655
Subjects:

MARC

LEADER 00000cas a2200000 a 4500
001 vtls001471325
003 SK-MaSNL
005 20260425194100.0
008 040318d19uu2005xo ar| 0 0b0slo
015 |a SNBB2005/02-00503 (r. 2002/2003)  |a SNBB2005/02-00573 (r. 2003/2004) 
020 |a 8022317675 
020 |a 8022318655 
035 |a SNK000426628 
040 |a SNK  |b slo  |c SNK  |e AACR2 
041 0 |a slo  |a eng 
043 |a e-xo--- 
044 |a xo  |c SK 
072 7 |a 378  |x Vysoké školy  |2 konspekt 
080 |a 81'24  |2 2001 
080 |a (083.97)  |2 2001 
080 |a (036)  |2 2001 
080 |a 378.4  |2 2001 
080 |a 37.011.3-052-054.68  |2 2001 
110 2 |a Univerzita Komenského v Bratislave.  |b Ústav jazykovej a odbornej prípravy zahraničných študentov  |9 163301 
245 1 0 |a Študijný program  |b školský rok...  |c Univerzita Komenského v Bratislave, Ústav jazykovej a odbornej prípravy zahraničných študentov 
260 |a Bratislava  |b Univerzita Komenského 
300 |a zv.  |b fotogr., tab.  |c 21 cm 
310 |a 1x ročne 
500 |a Súčasťou podnázvu je označenie školského roku 
500 |a Popis podľa: R. 2002/2003 (vydané v r. 2002) 
650 0 7 |a zahraniční študenti  |2 SNKPH  |9 4199 
650 0 7 |a univerzity  |2 SNKPH  |9 22152 
650 0 7 |a vyučovanie jazykov  |2 SNKPH  |9 31418 
651 7 |a Slovensko  |2 SNKPH  |9 14231 
655 7 |a študijné programy  |2 SNKPH  |9 265409 
655 7 |a informačné publikácie  |2 SNKPH  |9 70181 
785 0 0 |t Ročenka  |w vtls009864208 
910 |a snk 
919 |a 80-223-1767-5 
919 |a 80-223-1865-5 
999 |c 3563  |d 5493 
952 |a SNK  |b SNK  |y PREZ  |7 0  |p 17A0416042  |o snkČSD 1530/2002-2003  |i snkPV 158/2004  |0 0  |1 0  |4 0  |d 2004-03-18  |l 0  |r 2005-01-02 00:00:00  |w 2026-02-21 
952 |a SNK  |b SNK  |y PREZ  |7 0  |p 17A0416041  |o snkČSD 1530/2002-2003 D1  |i snkPV 159/2004  |0 0  |1 0  |4 0  |d 2004-03-18  |l 0  |r 2005-01-02 00:00:00  |w 2026-02-21 
952 |a SNK  |b SNK  |y PREZ  |7 0  |p 17A0416043  |o snkČSD 1530/2003-2004  |i snkPV 160/2004  |0 0  |1 0  |4 0  |d 2004-03-18  |l 0  |r 2005-01-02 00:00:00  |w 2026-02-21 
952 |t    |a SNK  |b SNK  |y PREZ  |7 0  |p 17A0416044  |o snkČSD 1530/2003-2004 D1  |i snkPV 161/2004  |0 0  |1 0  |4 0  |d 2004-03-18  |l 0  |r 2005-01-02 00:00:00  |w 2026-02-21